00961 2200313 4500001002100000005001500021035002000036007000300056008004100059020002200100082001200122084001400134100002800148245010700176250003200283300003900315650001900354700003100373264003500404336002100439337003000460338002300490040002200513090002200535850001200557504003400569999002200603990002200625INLIS00000000089547220250425102656 a0010-0425000721ta250425s2024 yoia g eng d a978-602-498-789-304223a420 a420 ARI e0 aAri PurnawanePengarang10aEnglish language learning test development :bFrom theory to practice /cAri Purnawan, Agus Widyantoro aCetakan pertama, Maret 2024 aix, 125 halaman :bgambar ;c23 cm 4aBahasa Inggris0 aAgus WidyantoroePengarang31aYogyakarta :bUNY Press,c2024 2rdacontentateks 2rdamediaatanpa perantara 2rdacarrieravolume aYOPDYOGbinderda aCB-D.11 2024-6150 aYOPDYOG aBibliografi : halaman 122-125 aCB-D.11/2024-6150 aCB-D.11/2024-6150